Score 0/10 Timer 01:00
1 Play Today
% Correct
Shot
95.8%
Thing
95.4%
Last
94.3%
Friend
93.3%
Girl
93%
Love
89.5%
Times
77.2%
Day
77.1%
You
70.7%
Song
61.6%

Today's Daily Dose

You're not logged in!

Compare scores with friends on all Sporcle quizzes.
OR
Log In

Sporcle TV

Today on Sporcle TV


Watch our educational content, quiz creation guides, and fun videos on Sporcle TV.

Show Comments

Extras

Top Quizzes Today


Score Distribution

Paid Content

Your Account Isn't Verified!

In order to create a playlist on Sporcle, you need to verify the email address you used during registration. Go to your Sporcle Settings to finish the process.

Report this User

Report this user for behavior that violates our Community Guidelines.

Details: